Training Social Workers For Rural Development (Record no. 118695)

MARC details
000 -LEADER
fixed length control field 00363pam a2200145 a 4500
020 ## - INTERNATIONAL STANDARD BOOK NUMBER
Terms of availability
041 ## - LANGUAGE CODE
Language code of original
082 ## - DEWEY DECIMAL CLASSIFICATION NUMBER
Item number NAI
100 ## - MAIN ENTRY--PERSONAL NAME
Personal name Nair, T.K.
245 ## - TITLE STATEMENT
Title Training Social Workers For Rural Development
Medium Textual Documents
260 ## - PUBLICATION, DISTRIBUTION, ETC.
Place of publication, distribution, etc. Mumbai
Name of publisher, distributor, etc. Association School Of Social Work In India
300 ## - PHYSICAL DESCRIPTION
Extent 201/PB
700 ## - ADDED ENTRY--PERSONAL NAME
Personal name Anbavasan, R.S.
930 ## - EQUIVALENCE OR CROSS-REFERENCE-UNIFORM TITLE HEADING [LOCAL, CANADA]
Uniform title 11873
Holdings
Withdrawn status Lost status Source of classification or shelving scheme Damaged status Not for loan Home library Current library Shelving location Date acquired Source of acquisition Cost, normal purchase price Total Checkouts Full call number Barcode Date last seen Copy number Price effective from Koha item type
    Dewey Decimal Classification     Abhijit Kadam Institute of Management & Social Science, Solapur Abhijit Kadam Institute of Management & Social Science, Solapur MSW Library 20/06/1989 A S S W I Publication 25.00   NAI AKS-W-01026 01/03/2023 2 01/03/2023 Book
    Dewey Decimal Classification     Abhijit Kadam Institute of Management & Social Science, Solapur Abhijit Kadam Institute of Management & Social Science, Solapur MSW Library 20/06/1989 A S S W I Publication 25.00   NAI AKS-W-01025 01/03/2023 1 01/03/2023 Book